|
|
|
|
| LEADER |
00000nab a2200000 a 4500 |
| 001 |
vtls000427093 |
| 003 |
SK-MaSNL |
| 005 |
20260304082617.0 |
| 008 |
250424c1991 xo 0 slo |
| 015 |
|
|
|a SNBRA19rr/mm-uuuuu
|
| 035 |
|
|
|a CL0427221
|
| 035 |
|
|
|a urn:nbn:sk:snk-ab2ea6
|
| 035 |
|
|
|a (urnnbn)urn:nbn:sk:snk:ar-a028s0
|
| 035 |
|
|
|a (uuid)5ab5165d-8dab-4a1c-9078-697605f9b807
|
| 040 |
|
|
|a SNKBUCL
|b slo
|c SNKBUCL
|e AACR2
|
| 041 |
0 |
|
|a ger
|
| 044 |
|
|
|a xo
|c SK
|
| 080 |
|
|
|a 551.57
|2 1981
|
| 100 |
1 |
|
|a Tomlain, Ján,
|d 1932-
|4 aut
|9 109256
|
| 245 |
1 |
4 |
|a Die Verteilung des Koeffizienten der Evapotranspiration im Gebiet der Slowakischen Republik
|c J. Tomlain
|
| 300 |
|
|
|b Tb. 3. Mapy 5. Res. slov., rus., lit. 6 zázn. v slov., ruš.
|
| 650 |
0 |
7 |
|a evapotranspirácia
|2 snkbucl
|9 15415
|
| 655 |
|
7 |
|a články zo zborníkov
|2 snkbucl
|9 166140
|
| 773 |
0 |
|
|t Acta meteorologica Universitatis Comenianae 19
|d Bratislava : SPN, 1991
|g S. 15-32
|
| 850 |
|
|
|a Slovenská národná knižnica
|
| 852 |
|
|
|a Slovenská národná knižnica
|
| 958 |
|
|
|a article27
|
| 958 |
|
|
|a NB
|
| 958 |
|
|
|a RK
|
| 958 |
|
|
|a OND
|
| 958 |
|
|
|a EUIPO
|
| 992 |
|
|
|a RZB
|
| 999 |
|
|
|c 2797300
|d 2799230
|